000 00426nam a2200169Ia 4500
003 LK-CoDNM
008 010623t2000 xxu||||| |||| 00| 1 sin d
040 _aLK-CoDNM
_dLK-CoDNM
_eLK-CoDNM
041 _asin
080 _a331.04.35
100 _aFonseka,Lal
245 _aනොපරදින තරඟය
246 _aNoparadina Tharagaya
260 _bSadeepa
_aColombo
_c2000
300 _b231p;22 cm cm
942 _cBK
999 _c120429
_d120429